000 00639nam a2200253Ia 4500
003 OSt
005 20221007110448.0
006 a|||||r|||| 00| 0
007 ta
008 221006b |||||||| |||| 00| 0 eng d
024 _a21,180
037 _cTextual
040 _aLCO
_cLCO
_beng
041 _2eng
_aeng
082 _aY15:(Z2,193), M1
100 _aGhosh S.K.
245 0 _aWomen in Policing
250 _a1st
260 _aNew
_bDelhi Light & Life Publishers India
_c1981
300 _a155
650 _aPOLICING
_9707508
942 _hY15:(Z2,193), M1
_cTEXL
999 _c1190743
_d1190743